Una nueva división internacional del trabajo en la Cuenca del Caribe ¿La materialización de un...? /

En el artículo, primeramente, se discute la pertinencia de la teoría que preconiza la llegada del capitalismo a una "nueva división internacional del trabajo, con la cual se intenta explicar las tendencias actuales del capital. Luego de efectuada la crítica a dicha concepción, se analiza el cas...

Popoln opis

Shranjeno v:
Bibliografske podrobnosti
Glavni avtor: Herold, Marc W.
Drugi avtorji: Koslov, Nicholas
Format: Texto
Teme:
Oznake: Označite
Brez oznak, prvi označite!

MARC

LEADER 00000 a a2200000 04500
001 9329
003
040
100 |a Herold, Marc W.  
245 |a Una nueva división internacional del trabajo en la Cuenca del Caribe ¿La materialización de un...? /  |c Marc W. Herold ; Nicholas Koslov 
520 |a En el artículo, primeramente, se discute la pertinencia de la teoría que preconiza la llegada del capitalismo a una "nueva división internacional del trabajo, con la cual se intenta explicar las tendencias actuales del capital. Luego de efectuada la crítica a dicha concepción, se analiza el caso de la intervención de las empresas transnacionales en América Central y el Caribe, lo cual no parece respaldar las posiciones teóricas arriba mencionadas y criticadas. HB/eb  
650 |a CAPITALISMO  
650 |a TEORIA ECONOMICA  
650 |a DIVISION INTERNACIONAL DEL TRABAJO  
650 |a IMPORTACIONES  
650 |a EXPORTACIONES  
650 |a DEPENDENCIA ECONOMICA  
650 |a SUBDESARROLLO  
650 |a EMPRESAS TRANSNACIONALES  
650 |a INDUSTRIALIZACION  
650 |a METODOLOGIA  
700 |a Koslov, Nicholas  
773 |g número 22; páginas 19-52  
999 |c 31190  |d 31190